000
002940000a22000970004500
100
1
_a
Milován, Guillermo
245
1
0
_a
Y si está bien para Gales, ¿por qué no para el resto del mundo?
300
_a
Vol. 53, Núm 238 (1998), Páginas 21-24
773
0
_t
La Biblia de las Américas
942
_c
ANA
999
_c
51511
_d
51511